| 000 | 00543cam a2200217ua 4500 | ||
|---|---|---|---|
| 020 | _c8.00 | ||
| 041 |
_aeng _h |
||
| 082 |
_a542 _bMAN/TE |
||
| 100 | _aMani, P K . | ||
| 245 |
_aText book of practical chemistry for B Sc main students / _cP K Mani. _hTextual Documents |
||
| 250 |
_a2 / _b. |
||
| 260 |
_aCannanore : _bScientific Publishers , _c1969. |
||
| 300 | _a467 ; . | ||
| 365 | _a8.00 | ||
| 504 | _a | ||
| 700 | 1 | _aThomas, A O . | |
| 942 | _cBK | ||
| 999 |
_c9560 _d9560 |
||